000 01273nam a2200337 i 4500
003 EG-GICUC
005 20260513125113.0
008 260507s1955 ua |||fr|||| 00| 0 ara d
040 _a EG-GICUC
_c EG-GICUC
_d EG-GICUC
_erda
_bara
041 0 _aAra
082 0 4 _221
_a343.7
_bع ب . ج
092 0 4 _221
099 _aLaw1 10 343.7 ع ب . ج 1955
100 0 _aعبدالحميد خميس
_eمؤلف.
245 1 0 _aجرائم الحرب والعقاب عليها /
_cتأليف عبدالحميد الخميس.
264 3 _aمصر :
_bشركة مكتبة ومطبعة مصطفى الحلبى وشركاه،
_c1955.
300 _a384 ؛صفحة
_c24 سم.
336 _2rda content
_atext
337 _2rda media
_aComputer
338 _2rda carrier
_aOnline Resource
500 _aرسالة دكتوراه مقدمة لكلية حقوق جامعة القاهرة
500 _aاهداء من حسن على
504 _aببليوجرافيات: صفحات 375 - 384.
546 _aالنص باللغة العربية
650 1 _2qrmak
_aعلم العقاب
650 1 _2qrmak
_aالقانون الجنائى
651 1 _2qrmak
856 4 0 _uhttps://fll.law.cu.edu.eg/fulltext/bks/B10-12317.pdf
905 _a54
942 _2ddc
_cBK
_e21
_n0
999 _c76240
_d76240